The Photographic History of the Civil War (Record no. 1076)

000 -LEADER
fixed length control field 00224nam a22000977a 4500
003 - CONTROL NUMBER IDENTIFIER
control field OSt
008 - FIXED-LENGTH DATA ELEMENTS--GENERAL INFORMATION
fixed length control field 150319b xxu||||| |||| 00| 0 eng d
041 ## - LANGUAGE CODE
Language code of text/sound track or separate title eng
245 10 - TITLE STATEMENT
Title The Photographic History of the Civil War
300 ## - PHYSICAL DESCRIPTION
Extent 0 pages
Holdings
Withdrawn status Lost status Damaged status Not for loan Collection code Permanent Location Current Location Date acquired Total Checkouts Date last seen Price effective from Koha item type
        Richard Drews Northern Philatelic Library Northern Philatelic Library 03/19/2015   06/28/2015 06/28/2015 Books

Powered by Koha